000
00310nam a22001097a 4500
999
_c
2914
_d
2914
008
181231b ||||| |||| 00| 0 eng d
100
_a
Kyle, Robert
245
_a
Medicine and stamps (vol 1 1970)
260
_b
American Medical Associaton
_c
1970
650
_a
Topical Collecting -- Medicine
700
_a
Shampo, Marc